• 首页
  • 本馆介绍
  • 公告通知
  • 最新文献
  • 馆藏检索
  • 电子资源
  • 读者导购
  • 参考咨询
  • 我的图书馆
  • 登录
  • 详细信息显示
  • 放入我的书架
  • 预约/预借图书
  • 作者相关作品
  • 分类相关作品
  • 丛书相关作品
  • 出版社相关作品

书目信息

  • 表格格式
  • 工作单格式
  • 卡片格式
题名:
遵义实录
    
 
作者: 金阳 编著
分册: 上  
出版信息: 北京   光明日报出版社  1996
页数: 442页
开本: 21cm
丛书名:
单 册:
中图分类: I25
科图分类: 22.2778
主题词: 报告文学--中国 , 传记文学--中国
电子资源:
ISBN: 7-80091-914-5
000 00641nam0 2200241 45
001 0197102452
005 20061109141947.78
010    @a7-80091-914-5@dCNY23.40
100    @a19960824d1996 kemy0chiy0121 ea
101 0  @achi
102    @aCN@b110000
105    @af z 000yd
106    @ar
200 10 @a遵义实录@h上@AZUN YI SHI LU@f金 阳编著@FJIN YANG BIAN ZHU
210    @a北京@c光明日报出版社@d1996
215    @a442页@c照片@d21cm
606 0  @a报告文学@x中国
606 0  @a传记文学@x中国
690    @aI25@v3
692    @a22.2778
701  0 @a金阳@AJIN YANG@4编著
801  0 @aCN@bNLC@c20061109
905    @dI25@e379:1@f2@b272473-474
    
    遵义实录.上/金 阳编著.-北京:光明日报出版社,1996
    442页:照片;21cm
    
    
    ISBN 7-80091-914-5:CNY23.40
    
●
相关链接 在E读中查询图书 在五车中查询图书 在当当中查询图书 在豆瓣中查询图书


正题名:遵义实录     索取号:I25/379:1         预约/预借

序号 登录号 条形码 馆藏地/架位号 状态 备注
1 0272473   001649577   第二借阅区/ [索取号:I25/379:1] 在馆    
2 0272474   000010428   第二借阅区/ [索取号:I25/379:1] 在馆    
3 0272475   202110893   第一样本阅览室/ [索取号:I25/379:1] 在馆    
唐山师范学院图书馆 欢迎您!
大连网信软件有限公司© 版权所有